<?xml version="1.0" encoding="UTF-8"?>
<record
    xmlns:xsi="http://www.w3.org/2001/XMLSchema-instance"
    xsi:schemaLocation="http://www.loc.gov/MARC21/slim http://www.loc.gov/standards/marcxml/schema/MARC21slim.xsd"
    xmlns="http://www.loc.gov/MARC21/slim">

  <leader>01035nam a22001817a 4500</leader>
  <controlfield tag="003">IT-RoPau</controlfield>
  <controlfield tag="005">20220918175937.0</controlfield>
  <controlfield tag="008">130108b        xxu||||| |||| 00| 0 eng d</controlfield>
  <datafield tag="040" ind1=" " ind2=" ">
    <subfield code="c">IT-RoPau</subfield>
  </datafield>
  <datafield tag="100" ind1=" " ind2=" ">
    <subfield code="a">Alberione [ James] Giacomo</subfield>
    <subfield code="q">Fondatore Famiglia Paolina</subfield>
    <subfield code="9">121</subfield>
  </datafield>
  <datafield tag="245" ind1=" " ind2=" ">
    <subfield code="a">Insights into Religious Life.</subfield>
    <subfield code="b">By Rev. James Alberione, SSP, STD</subfield>
  </datafield>
  <datafield tag="250" ind1=" " ind2=" ">
    <subfield code="a">I</subfield>
  </datafield>
  <datafield tag="260" ind1=" " ind2=" ">
    <subfield code="a">Boston</subfield>
    <subfield code="b">FSP</subfield>
    <subfield code="c">1977</subfield>
  </datafield>
  <datafield tag="300" ind1=" " ind2=" ">
    <subfield code="a">152 p.</subfield>
    <subfield code="c">18,5 cm</subfield>
  </datafield>
  <datafield tag="490" ind1=" " ind2=" ">
    <subfield code="a">St. Paul Edition</subfield>
    <subfield code="v">I</subfield>
  </datafield>
  <datafield tag="520" ind1=" " ind2=" ">
    <subfield code="a">                                      CONTENTS
A Lively, Costant and
   Predominant Desire
Advancing in the Spiritual Life
The Real Holocaust
Jesus, Model of Obedience
Good Communiting Living
A Lifetime of Service
A Lifetime of Fidelity
Live in Joy
Let Us Work for Heaven!
The Holy Spirit Gives Us Spirit
Contemplating Jesus and Mary in
      the Rosary
The Joyful Mysteries and
    Religious Life
The  Sorrowful Mysteries and
    Religious Life
The Glorious Mysteries and
    Religious Life
Mary Mother of Beautiful
     Vocations   </subfield>
  </datafield>
  <datafield tag="942" ind1=" " ind2=" ">
    <subfield code="2">ddc</subfield>
    <subfield code="c">BK</subfield>
  </datafield>
  <datafield tag="999" ind1=" " ind2=" ">
    <subfield code="c">37720</subfield>
    <subfield code="d">37720</subfield>
  </datafield>
  <datafield tag="952" ind1=" " ind2=" ">
    <subfield code="0">0</subfield>
    <subfield code="1">0</subfield>
    <subfield code="2">ddc</subfield>
    <subfield code="4">0</subfield>
    <subfield code="6">P_A8</subfield>
    <subfield code="7">1</subfield>
    <subfield code="a">PAULUS</subfield>
    <subfield code="b">PAULUS</subfield>
    <subfield code="d">2013-01-08</subfield>
    <subfield code="l">0</subfield>
    <subfield code="o">P A8</subfield>
    <subfield code="r">2013-01-08 00:00:00</subfield>
    <subfield code="w">2013-01-08</subfield>
    <subfield code="y">BK</subfield>
  </datafield>
</record>
